Modelo para la gestión de la seguridad de la información en cloud computing
El estudio presenta un modelo para la gestión de la seguridad de la información en cloud computing, que contribuye a aumentar la efectividad de los controles y a disminuir la complejidad de la gestión de la seguridad de la información. En el modelo se identifican dos grandes áreas de trabajo im...
| Main Author: | |
|---|---|
| Other Authors: | |
| Format: | Tesis Section = Libro |
| Language: | Undetermined Spanish |
| Published: |
Managua
UNI
2014
|
| Subjects: |
| LEADER | 01322nam a2200253Ia 4500 | ||
|---|---|---|---|
| 008 | 240830s9999 xx 000 0 und d | ||
| 040 | |a BIBLIOTECA-RUPAP M.Mon 004.68 M971 | ||
| 041 | |a spa | ||
| 082 | |a M.Mon 004.68 M971 | ||
| 100 | 1 | |a Muñoz Duarte, Cándida Raquel | |
| 245 | 1 | 0 | |a Modelo para la gestión de la seguridad de la información en cloud computing |
| 260 | |a Managua |b UNI |c 2014 | ||
| 300 | |a 122 p. :il. | ||
| 502 | |a Tesis (Máster en Informática Empresarial)- UNI, 2014. | ||
| 520 | 3 | |a El estudio presenta un modelo para la gestión de la seguridad de la información en cloud computing, que contribuye a aumentar la efectividad de los controles y a disminuir la complejidad de la gestión de la seguridad de la información. En el modelo se identifican dos grandes áreas de trabajo imprescindibles para la gestión de la seguridad en la nube, las cuales representan una agrupación, adaptación y síntesis de los controles de los principales estándares internacionales. | |
| 650 | 7 | |a PROCESAMIENTOS ELECTRONICOS DE DATOS | |
| 650 | 7 | |b REDES DE INFORMACION | |
| 650 | 7 | |c COMUNICACION ORGANIZACIONAL | |
| 650 | 7 | |d SISTEMAS INFORMATICOS-INTERNET | |
| 650 | 7 | |e TECNOLOGIA DE LA INFORMACION | |
| 700 | 1 | |a Tutor: |b Baluja García, Walter | |
| 942 | |c BK |2 ddc | ||
| 991 | |a TESIS | ||
| 999 | |c 15160 | ||